| 000 | 00704nam a22001935i 4500 | ||
|---|---|---|---|
| 001 | 151842 | ||
| 003 | ES-MaACL | ||
| 005 | 20230906204417.0 | ||
| 008 | 990623s1887 gw |||| | fre d | ||
| 040 |
_aCCPB | B _bspa _cCCPB | B |
||
| 100 | 1 |
_aBemmelen, P. van. _927397 |
|
| 245 | 1 | 3 |
_aLe systéme de la propriété mobilière _b: droit antérieur, système du code civil, droit futur / _cpar P. van Bemmelen. |
| 260 |
_aLeide : _bE. J Brill ; _aParis : _bL. Larose et Forcel, _c1887. |
||
| 300 |
_a458 p. ; _c23 cm. |
||
| 650 | 4 |
_aPropiedad inmobiliaria- _xDerecho. _9136776 |
|
| 752 |
_aHolanda - _dLeyden |
||
| 752 |
_aFrancia - _dParís |
||
| 852 |
_aES-MaACL _jF-10700 _z-- Enc. pasta española |
||
| 999 |
_c151842 _d151842 |
||